000 01229nam0a2200361 4500
001 RU\NLR\bibl\199547
005 20250619092643.0
010 _a5-7997-0243-3
_9300
021 _aRU
_b2001-11011
_9519
035 _a(NLR Aleph) 000195931
090 _a1134355
_c1134355
100 _a20010521d2000 |||y0rusy50 ca
101 0 _arus
102 _aRU
105 _ay |||||||||
200 1 _aФункционально-семантическая дифференциация паронимов русского языка
_fТ. В. Веракша
210 _aСПб.
_cНИИХ
_d2000
215 _a205 с.
_d21
320 _aБиблиогр.: с. 166-179
606 0 _aРусский язык
_xПаронимы
_91543795
_3RU\NLR\auth\66974484
610 0 _aПаронимы в русском языке
610 0 _aРусский язык - Семантика
675 _a811.161.1'37
_v3
_zrus
686 _a16.41
_2rugasnti
686 _a81.2Рус
_2rubbk
686 _aШ141.12-321
700 1 _aВеракша
_gТамара Васильевна
_4070
801 0 _aRU
_bRKP
_c20010521
_gPSBO
801 1 _aRU
_bRKP
_c20010521
801 2 _aRU
_bNLR
_c20020206
_grcr
942 _cBOOK
980 _aNB